Online
Catalog

Pascual Navarro : (Record no. 14534)

MARC details
000 -CABECERA
campo de control de longitud fija 00889cam a2200229 a 4500
001 - NÚMERO DE CONTROL
campo de control 000014959
005 - FECHA Y HORA DE LA ÚLTIMA TRANSACCIÓN
campo de control 20200929163930.0
008 - DATOS DE LONGITUD FIJA--INFORMACIÓN GENERAL
campo de control de longitud fija 990224s1997 ve a 000 0 spa d
020 ## - NÚMERO INTERNACIONAL ESTÁNDAR DEL LIBRO
Número Internacional Estándar del Libro 9803510150
035 ## - NÚMERO DE CONTROL DEL SISTEMA
Número de control de sistema (DLC) 99176823
040 ## - FUENTE DE LA CATALOGACIÓN
Centro catalogador/agencia de origen DO-SdBNP
Lengua de catalogación spa
Centro/agencia transcriptor DLC
Centro/agencia modificador BNPHU
082 ## - NÚMERO DE LA CLASIFICACIÓN DECIMAL DEWEY
Número de clasificación 750.87
Número de documento/Ítem N322p
049 ## - FONDOS LOCALES (OCLC)
Fondos de biblioteca BNGR
100 1# - ENTRADA PRINCIPAL--NOMBRE DE PERSONA
Nombre de persona Navarro, Pascual,
Fechas asociadas al nombre 1923-1985.
9 (RLIN) 33861
245 10 - MENCIÓN DE TÍTULO
Título Pascual Navarro :
Resto del título entre galas neoclásicas : Coleccion Museo Arturo Michelena, Caracas ; Foyer del Teatro Municipal, Valencia, Diciembre 1997.
260 ## - PUBLICACIÓN, DISTRIBUCIÓN, ETC.
Lugar de publicación, distribución, etc. Caracas :
Nombre del editor, distribuidor, etc. Consejo Nacional de la Cultura :
-- Fundación Museo Arturo Michelena :
-- Alcaldía de Valencia :
-- Dirección de Cultura,
Fecha de publicación, distribución, etc. 1997.
300 ## - DESCRIPCIÓN FÍSICA
Extensión 32 p. :
Otras características físicas il. ;
Dimensiones 28 cm.
490 1# - MENCIÓN DE SERIE
Mención de serie Museo Arturo Michelena
650 #4 - PUNTO DE ACCESO ADICIONAL DE MATERIA--TÉRMINO DE MATERIA
Término de materia o nombre geográfico como elemento de entrada Pinturas venezolanas
9 (RLIN) 33862
830 #0 - PUNTO DE ACCESO ADICIONAL DE SERIE-TÍTULO UNIFORME
Título uniforme Museo Arturo Michelena
9 (RLIN) 33863
910 ## - DATOS DE OPCIÓN DEL USUARIO (OCLC)
Datos de opción del usuario Catalogación por copia / LC
Holdings
Estado de retiro Estado de pérdida Restricciones de uso No para préstamo Código de colección Localización permanente Ubicación/localización actual Ubicación en estantería Fecha de adquisición Número de inventario Total de préstamos Signatura topográfica completa Código de barras Fecha visto por última vez Precio válido a partir de Tipo de ítem Koha
        Monografías: Libros y Folletos General General En catalogación 27.01.2010 LF1   750.87 N322p 14959-10 25.06.2020 25.06.2020 Préstamo en sala

Powered by Koha